• 首页
  • 本馆介绍
  • 公告通知
  • 最新文献
  • 馆藏检索
  • 电子资源
  • 读者导购
  • 参考咨询
  • 我的图书馆
  • 登录
  • 详细信息显示
  • 放入我的书架
  • 预约/预借图书
  • 作者相关作品
  • 分类相关作品
  • 丛书相关作品
  • 出版社相关作品

书目信息

  • 表格格式
  • 工作单格式
  • 卡片格式
题名:
语料库驱动下的鲁迅小说译者风格研究
    
 
作者: 卢晓娟 著
分册:  
出版信息: 北京   中央编译出版社  2015
页数: 247页
开本: 24cm
丛书名: 当代中国学术文库
单 册:
中图分类: I210.976
科图分类:
主题词: 鲁迅小说--Lu Xun Xiao Shuo--英语--文学翻译--研究
电子资源:
ISBN: 978-7-5117-2728-2
000 01008nam0 22002651 450
001 350398
005 20161010102818.84
010    @a978-7-5117-2728-2@b精装@dCNY68.00
100    @a20151124d2015 em y0chiy50 ea
101 0  @achi
102    @aCN@b110000
105    @ay z 001yy
106    @ar
200 1  @a语料库驱动下的鲁迅小说译者风格研究@AYu Liao Ku Qu Dong Xia De Lu Xun Xiao Shuo Yi Zhe Feng Ge Yan Jiu@f卢晓娟著
210    @a北京@c中央编译出版社@d2015
215    @a247页@d24cm
225 2  @a当代中国学术文库@ADang Dai Zhong Guo Xue Shu Wen Ku
300    @a2015年度大连外国语大学校级专著出版资助基金项目
330    @a本书是基于语料库翻译学理论而做的译者风格研究。主要内容是对“鲁迅小说”的英译文本进行分析,探讨三位不同译者的翻译风格。
461  0 @12001 @a当代中国学术文库
606 0  @a鲁迅小说@ALu Xun Xiao Shuo@x英语@x文学翻译@x研究
690    @aI210.976@v5
701  0 @a卢晓娟@ALu Xiao Juan@c(女,@f1965~)@4著
801  0 @aCN@bTANGWEI@c20160804
905    @b0889835-9@dI210.976@e286@f5
    
    语料库驱动下的鲁迅小说译者风格研究/卢晓娟著.-北京:中央编译出版社,2015
    247页;24cm.-(当代中国学术文库)
    2015年度大连外国语大学校级专著出版资助基金项目
    
    ISBN 978-7-5117-2728-2(精装):CNY68.00
    本书是基于语料库翻译学理论而做的译者风格研究。主要内容是对“鲁迅小说”的英译文本进行分析,探讨三位不同译者的翻译风格。
●
相关链接 在E读中查询图书 在五车中查询图书 在当当中查询图书 在豆瓣中查询图书


正题名:语料库驱动下的鲁迅小说译者风格研究     索取号:I210.976/286         预约/预借

序号 登录号 条形码 馆藏地/架位号 状态 备注
1 0889835   208898353   第一样本阅览室/ [索取号:I210.976/286] 在馆    
2 0889836   208898362   第二借阅区/ [索取号:I210.976/286] 在馆    
3 0889837   208898371   第二借阅区/ [索取号:I210.976/286] 在馆    
4 0889838   208898380   第二借阅区/ [索取号:I210.976/286] 在馆    
5 0889839   208898399   第二借阅区/ [索取号:I210.976/286] 在馆    
唐山师范学院图书馆 欢迎您!
大连网信软件有限公司© 版权所有